00373nam a22001217a 4500008004100000082001600041100003100057245007000088260004600158300002000204942001200224999001500236230621b xxu||||| |||| 00| 0 eng d a328.35bIPC cInterparliamentary Council aSummary Records of the Inter- parliamentary Council 155th Session aDenmarkbInter parliamentary Union c1994 avarious panging 2ddccBK c2082d2082